000 00702nam a2200241Ia 4500
003 OSt
005 20220923223002.0
006 a|||||r|||| 00| 0
007 ta
008 220922b |||||||| |||| 00| 0 hin d
024 _a209,642
037 _cTextual
040 _aARTS
_cARTS
_bhin
041 _2hin
_ahin
082 _aO152,3NDE,7, M5(EPH)
100 _aदेवराज
245 0 _aन भेजे गये पत्र
246 _aN bheje gaye patra
260 _aदिल्ली
_b सरस्वती विहार
_c1985
300 _a134पृ.
_ccm.
942 _hO152,3NDE,7, M5(EPH)
_cTEXL
_2CC
999 _c360191
_d360191